000 00411 a2200109 4500
020 _a9780195476262
082 _a333.7909549 HAT
100 _aHathaway, Robert M.
245 _aPowering Pakistan Meeting Pakistan's Energy Needs in the 21st Century /
_cRobert M. Hathaway
260 _aPakistan :
_bOxford university press,
_c2009
300 _axxix, 216p. :
_bill. ;
_c23 cm
650 _aPakistan -- Energy issues -- Electric Problems in Pakistan
999 _c2348
_d2348